Équipe de Côte d'Ivoire à la Coupe d'Afrique des nations 2023 (2024). - Statistiques

Statistiques générales
  • Ce quiz a été pris 41 fois
  • Le résultat moyen est 13 sur 29
Statistiques - réponses
Poste Joueur % Correct
M Franck Kessié
78%
M Seko Fofana
75%
A Simon Adingra
72%
G Yahia Fofana
72%
A Nicolas Pépé
66%
A Sébastien Haller
66%
D Serge Aurier
59%
Sélectionneur 2 Émerse Faé
56%
A Max-Alain Gradel
56%
D Evan N’dicka
47%
A Oumar Diakité
47%
Sélectionneur 1 Jean-Louis Gasset
44%
A Jean-Philippe Krasso
44%
D Ousmane Diomandé
44%
D Wilfried Singo
44%
M Ibrahim Sangaré
41%
G Badra Ali
38%
A Jérémie Boga
38%
D Ghislain Konan
34%
M Jean-Thierry Amani Lazare
34%
A Christian Kouamé
31%
M Jean-Michaël Séri
31%
D Odilon Kossounou
28%
D Willy Boly
28%
A Jonathan Bamba
25%
M Idrissa Doumbia
22%
D Ismaël Diallo
19%
A Karim Konaté
19%
G Charles Folly
13%
Aucun quiz correspondant
Distribution des résultats
% des personnes avec chaque résultat
Percentile par nombre de réponses
Votre historique - résultats
Vous n’avez pas pris ce quiz